Sherlock Holmes: The Sign of the Four/ (Record no. 49969)
| 000 -LEADER | |
|---|---|
| fixed length control field | 01114nam a2200145 4500 |
| 020 ## - INTERNATIONAL STANDARD BOOK NUMBER | |
| International Standard Book Number | 9781782264101 |
| 100 ## - MAIN ENTRY--PERSONAL NAME | |
| Personal name | Doyle, Arthur Conan, Sir, |
| Relator term | author. |
| 9 (RLIN) | 87029 |
| 245 ## - TITLE STATEMENT | |
| Title | Sherlock Holmes: The Sign of the Four/ |
| Statement of responsibility, etc | written by Sir Arthur Conan Doyle. |
| 260 ## - PUBLICATION, DISTRIBUTION, ETC. (IMPRINT) | |
| Name of publisher, distributor, etc | Sweet Cherry Publishing: |
| Date of publication, distribution, etc | July 25, 2019. |
| 300 ## - PHYSICAL DESCRIPTION | |
| Extent | 256 pages. |
| Dimensions | 5.04 x 0.63 x 7.8 inches. |
| 490 ## - SERIES STATEMENT | |
| Series statement | Sherlock Holmes |
| 520 ## - SUMMARY, ETC. | |
| Summary, etc | Be at the third pillar from the left outside the Lyceum Theatre tonight at seven o'clock. You are a wronged woman and shall have justice. Do not bring police. If you do, all will be in vain.<br/>When Holmes is asked to look into a cryptic message received by Mary Morstan, neither he nor Watson expect to be drawn into a decades-old web of betrayal.<br/>Soon they're conducting dangerous moonlit expeditions to uncover the meaning of the sign of the four, and resolve a long-buried crime.<br/><br/>A simplification of Arthur Conan Doyle's Sherlock Holmes, perfect for young fans of mystery books. A great introduction to classics for children aged 7+. |
| 650 ## - SUBJECT ADDED ENTRY--TOPICAL TERM | |
| 9 (RLIN) | 85970 |
| Topical term or geographic name as entry element | Criminal investigation |
| Form subdivision | Fiction |
| 942 ## - ADDED ENTRY ELEMENTS (KOHA) | |
| Source of classification or shelving scheme | |
| Koha item type | Book |
| Withdrawn status | Lost status | Source of classification or shelving scheme | Damaged status | Not for loan | Home library | Current library | Date acquired | Total Checkouts | Full call number | Barcode | Date last seen | Date checked out | Price effective from | Koha item type |
|---|---|---|---|---|---|---|---|---|---|---|---|---|---|---|
| Logos International School | Logos International School | 12/11/2025 | 1 | CB FIC DOY | 100123 | 01/16/2026 | 01/09/2026 | 12/11/2025 | Book |